=LDR 00000nam 2200000 4500 =001 INLIS000000000006729 =005 20130612094832 =008 ***********************************Ind** =035 ##$$0010-061300000006729 =041 ##$$a Ind =082 ##$$a 297.6 =090 ##$$a 297.6, Pur s =100 ##$$a Puradisastra, S.I =245 ##$$a Sumbangan Islam kepada ilmu dan kebudayaan modern, Prof. S.I. Pruadisastra =260 ##$$a 1981 $b Jakarta =300 ##$$a xi, 175 hlm., Ilus., 21 cm =650 ##$$a Islam dan Ilmu Pengetahuan =850 ##$$a NBPNMAT